00480nam a2200169Ia 4500008004100000040001900041041001200060082002500072100001800097245006000115260004000175300002500215504002200240650001400262700001600276850001800292131103s9999 xx 000 0 und d aLoreto College aEnglish a910/PARbLCBED/13339 aParakh, B. S. aIndian certificate geographycB. S. Parakh & M. S. Naik aDelhibInter University Pressc2000 a310p.b ill.c 23cm. aIncludes appendix aGeography aNaik, M. S. aLCBED/910/PAR